Sudden Death: Least Developed Countries (Non-African) - Statistics

General Stats
  • This quiz has been taken 76 times
  • The average score is 3 of 12
Answers on the Grid
Answers color-coded by a green-red scale on the quiz's grid according to % correct below.
Afghanistan
Azerbaijan
Bangladesh
Belize
Bhutan
Cambodia
East Timor
Fiji
Haiti
Kiribati
Laos
Marshall Islands
Mongolia
Myanmar
Nauru
Nepal
Pakistan
Palau
Papua New Guinea
Solomon Islands
Tuvalu
Uzbekistan
Vietnam
Yemen
 
Answer Stats
Answer % Correct
Afghanistan
77%
Haiti
42%
Yemen
35%
East Timor
30%
Bangladesh
21%
Laos
19%
Cambodia
16%
Kiribati
12%
Nepal
12%
Myanmar
9%
Tuvalu
7%
Solomon Islands
5%
No matching quizzes found
Score Distribution
Percent of People with Each Score
Percentile by Number Answered
Your Score History
You have not taken this quiz